000 00459nam a2200169Ia 4500
005 20250508155438.0
008 008 250505s9999 xx 000 0 eng d
037 _aTextual
040 _aFEDL
_beng
_cFEDL
041 _aeng
_2eng
084 _a371, WOR
_qFEDL
245 0 _a1963 WCOTP theme study : Conditions of work for quality teaching
260 _c1963
300 _axlix,149p.
942 _cTEXL
_h371, WOR
999 _c1356953
_d1356953